Представление документа в формате RUSMARC

ПолеНазваниеЗначение
  Тип записи a
  Библиографический уровень m
001 Контрольный номер RU/SLIB/B/208762301
005 Дата корректировки 20201206204222.7
010 Индекс ISBN __
d Цена 1-40
101 Язык документа __
a Язык текста rus
200 Заглавие и сведения об ответственности __
a Заглавие Солдаты
f Первые сведения об ответственности М. Н. Алексеев ; вступ. ст. А. Овчаренко
b Общее обозначение материала Текст
210 Выходные данные __
a Место издания М.
c Издательство Молодая гвардия
d Дата издания 1975
215 Физическое описание __
a Объем 655 с., [1] л. портр.
461 Уровень набора __
1 2001
a Собрание сочинений
v Т. 1
606 Тематические рубрики __
a Основная рубрика Художественная литература
606 Тематические рубрики __
a Основная рубрика Русская литература XX в. (произведения)
610 Ключевые слова __
a Ключевые слова тема войны; военные романы; проза; романы; писатели
686 Индексы других классификаций __
a Классификационный индекс 84(2Рос=Рус)6-4
700 Автор _1
a Фамилия Алексеев
b Имя М. Н.
4 Код отношения 070
702 Вторичная интеллектуальная ответственность _1
a Фамилия Овчаренко
b Имя А.
4 Код отношения Автор предисловия и т.д.
4 Код отношения 080
801 Источник записи _0
a Страна RU
b Организация Муниципальное бюджетное учреждение культуры "Централизованная библиотечная система" г. Сургут (Центральная городская библиотека им. А. С. Пушкина)
g Правила каталогизации КиК/Михайлова
801 Источник записи _1
a Страна RU
b Организация Муниципальное бюджетное учреждение культуры "Централизованная библиотечная система" г. Сургут (Центральная городская библиотека им. А. С. Пушкина)
g Правила каталогизации КиК/Михайлова
852 Данные о местонахождении __
j Шифр хранения 84(2Рос=Рус)6-4
i Авторский знак А 47
p Инвентарный номер 36093(с)
901 Тип документа __
t Тип документа m
990 Данные о заказе (DOS) __
j Количество экземпляров (DOS) 2
t N записи в КСУ для И/У (DOS) ретро